00863nam 22002533 4500001000700000010001800007021001800025090001100043100004100054101000800095102000700103200003400110210003600144215004000180225002300220300011800243606002900361675002500390700003200415801001800447830003000465990001100495995010300506202140 a972-21-0051-3 aPTb26 157/89 a202140 a20250910d u||y0pory50 ba apor aPT aO ConquistadorfAlmeida Faria aLisboacEditorial Caminhod1990 a134, [2] p. cil. ; brochadod21 cm aO Campo da Palavra aDedicatória e notas do Prof. Dr. Almeida Faria Este exemplar pertenceu ao tradutor holandês de O Conquistador aLiteratura Portuguesa96 a821.134.3-3vPTzpor 91040aFariabAlmeidaf1943- aPTbBMMNgRPC cAna FalarddofAna Falardo cLIVROS 002052026-05-12931846bBMMNf31566k821.134.3-3 FAR|SAFo0rLIVROSuAcesso Condicionado sOferta